[Event "SV Bönen 1 - SC Gerthe - Werne 1"]
[Site "Verbandsliga - Gruppe 1 2021/"]
[Date "2021.10.24"]
[Round "1.1"]
[White "Quast, Marcel"]
[Black "Schlottmann, Fabian"]
[Result "1-0"]
[WhiteElo "2259"]
[BlackElo "2298"]
[PlyCount "57"]
[EventDate "2021.??.??"]
[WhiteTeam "SC Gerthe - Werne 1"]
[BlackTeam "SV Bönen 1"]

1. e4 e6 2. d4 d5 3. Nc3 Nf6 4. Bg5 Bb4 5. e5 h6 6. Bd2 Bxc3 7. bxc3 Ne4 8. Qg4
g6 9. Bc1 c5 10. Bd3 Nc6 11. Bxe4 dxe4 12. Qxe4 cxd4 13. Nf3 Qd5 14. Qxd5 exd5
15. cxd4 Nb4 16. Rb1 Nxc2+ 17. Kd1 Bf5 18. Rxb7 O-O 19. Bxh6 Rfb8 20. Rc7 Rb2
21. e6 fxe6 22. Ne5 Rf8 23. Rg7+ Kh8 24. Rxa7 Rb1+ 25. Kd2 Rxh1 26. Bxf8 Rxh2
27. Bg7+ Kg8 28. Bf6 Rh7 29. Ra8# 1-0

[Event "SV Bönen 1 - SC Gerthe - Werne 1"]
[Site "Verbandsliga - Gruppe 1 2021/"]
[Date "2021.10.24"]
[Round "1.2"]
[White "Merz, Martin"]
[Black "Brüggestraß, Volker"]
[Result "1-0"]
[WhiteElo "1984"]
[BlackElo "1997"]
[PlyCount "57"]
[EventDate "2021.??.??"]
[WhiteTeam "SV Bönen 1"]
[BlackTeam "SC Gerthe - Werne 1"]

1. d4 Nf6 2. Bf4 c5 3. c3 e6 4. e3 d5 5. Nf3 Bd6 6. Nbd2 Bxf4 7. exf4 cxd4 8.
Nxd4 O-O 9. Bd3 Qd6 10. Ne2 Nbd7 11. Nf3 b6 12. O-O Nc5 13. Ne5 Nxd3 14. Qxd3
a5 15. Rfd1 Ba6 16. Qe3 Rfd8 17. Nd4 g6 18. a4 Ne4 19. Ndc6 f6 20. Nxd8 fxe5
21. Qxe4 Rxd8 22. Qxe5 Qc6 23. Rd4 Bc4 24. Re1 Re8 25. h4 Qxa4 26. h5 Qd7 27.
hxg6 hxg6 28. Re3 b5 29. f5 1-0

[Event "SV Bönen 1 - SC Gerthe - Werne 1"]
[Site "Verbandsliga - Gruppe 1 2021/"]
[Date "2021.10.24"]
[Round "1.3"]
[White "Gottmann, Bernd"]
[Black "Fuest, Torsten"]
[Result "1-0"]
[WhiteElo "1965"]
[BlackElo "1916"]
[PlyCount "45"]
[EventDate "2021.??.??"]
[WhiteTeam "SC Gerthe - Werne 1"]
[BlackTeam "SV Bönen 1"]

1. d4 Nf6 2. c4 e6 3. Nc3 Bb4 4. e3 c5 5. Nge2 O-O 6. a3 Bxc3+ 7. Nxc3 d6 8.
Be2 Nc6 9. O-O cxd4 10. exd4 e5 11. Be3 Re8 12. d5 Ne7 13. Bd3 Bf5 14. Bg5 Qd7
15. Bxf6 gxf6 16. Re1 Bxd3 17. Qxd3 f5 18. Qh3 Rad8 19. Qh6 Ng6 20. Re3 Qe7 21.
Rh3 f6 22. Rg3 Kh8 23. Rxg6 1-0

[Event "SV Bönen 1 - SC Gerthe - Werne 1"]
[Site "Verbandsliga - Gruppe 1 2021/"]
[Date "2021.10.24"]
[Round "1.4"]
[White "Mönkemeyer, Maik"]
[Black "Kalle, Yannis"]
[Result "1/2-1/2"]
[WhiteElo "1852"]
[BlackElo "1807"]
[PlyCount "71"]
[EventDate "2021.??.??"]
[WhiteTeam "SV Bönen 1"]
[BlackTeam "SC Gerthe - Werne 1"]

1. d4 Nf6 2. Bg5 Ne4 3. Bf4 d5 4. Nd2 Bf5 5. e3 e6 6. Ngf3 Nd7 7. Nxe4 Bxe4 8.
Bd3 Bd6 9. Bxd6 cxd6 10. Bxe4 dxe4 11. Nd2 Nf6 12. c4 O-O 13. O-O Rc8 14. Qb1
Qe8 15. Rc1 d5 16. c5 Nd7 17. b4 e5 18. Qb2 f5 19. Nb3 f4 20. dxe5 Nxe5 21. Qd4
Qe6 22. exf4 Nd3 23. Rd1 Nxf4 24. Rd2 Qg4 25. g3 Ne2+ 26. Rxe2 Qxe2 27. Qxd5+
Kh8 28. Qd4 Rf3 29. Rd1 Rcf8 30. Qd2 Rxf2 31. Qxe2 Rxe2 32. Na5 b6 33. cxb6
axb6 34. Nc4 b5 35. Nd6 e3 36. Nxb5 1/2-1/2

[Event "SV Bönen 1 - SC Gerthe - Werne 1"]
[Site "Verbandsliga - Gruppe 1 2021/"]
[Date "2021.10.24"]
[Round "1.5"]
[White "Löffelbein, Klaus"]
[Black "Helmert, Jochen"]
[Result "1-0"]
[WhiteElo "1796"]
[BlackElo "1894"]
[PlyCount "61"]
[EventDate "2021.??.??"]
[WhiteTeam "SC Gerthe - Werne 1"]
[BlackTeam "SV Bönen 1"]

1. d4 Nf6 2. Nf3 e6 3. g3 b6 4. Bg2 Bb7 5. O-O Be7 6. c4 O-O 7. Nc3 Ne4 8. Qc2
Nxc3 9. bxc3 d6 10. Ng5 Bxg5 11. Bxb7 Bxc1 12. Bxa8 Bg5 13. Bg2 Nd7 14. e4 e5
15. Rad1 Qe7 16. Qa4 Nb8 17. Rd3 f5 18. dxe5 fxe4 19. Bxe4 Qxe5 20. Bg2 Qe2 21.
Qd1 Re8 22. Bd5+ Kf8 23. Qb1 Bf6 24. Bf3 Qe6 25. Re3 Qh3 26. Rxe8+ Kxe8 27.
Qe4+ Kf7 28. Bg4 Qh6 29. Qe6+ Kg6 30. Bf5+ Kh5 31. Qe2+ 1-0

[Event "SV Bönen 1 - SC Gerthe - Werne 1"]
[Site "Verbandsliga - Gruppe 1 2021/"]
[Date "2021.10.24"]
[Round "1.6"]
[White "Lenz, Guntram"]
[Black "Boost, Jürgen"]
[Result "1/2-1/2"]
[WhiteElo "1850"]
[BlackElo "1805"]
[PlyCount "51"]
[EventDate "2021.??.??"]
[WhiteTeam "SV Bönen 1"]
[BlackTeam "SC Gerthe - Werne 1"]

1. d4 d5 2. c4 e6 3. Nc3 Nf6 4. cxd5 exd5 5. Bg5 Be7 6. e3 h6 7. Bh4 O-O 8. Bd3
b6 9. Nf3 Bb7 10. Ne5 c5 11. O-O Ne4 12. Bxe7 Qxe7 13. Rc1 Nxc3 14. Rxc3 Nc6
15. Nxc6 Bxc6 16. Qf3 Rac8 17. Qf5 g6 18. Qf4 Kg7 19. b3 Bb7 20. h4 Qf6 21.
Qxf6+ Kxf6 22. Rfc1 cxd4 23. exd4 Rxc3 24. Rxc3 Rc8 25. Rxc8 Bxc8 26. f3
1/2-1/2

[Event "SV Bönen 1 - SC Gerthe - Werne 1"]
[Site "Verbandsliga - Gruppe 1 2021/"]
[Date "2021.10.24"]
[Round "1.7"]
[White "Meise, Ulrich"]
[Black "Wegner, Stephan"]
[Result "1/2-1/2"]
[WhiteElo "1771"]
[BlackElo "1753"]
[PlyCount "72"]
[EventDate "2021.??.??"]
[WhiteTeam "SC Gerthe - Werne 1"]
[BlackTeam "SV Bönen 1"]

1. e4 e6 2. d4 d5 3. exd5 exd5 4. c4 Nf6 5. Nc3 c6 6. Nf3 Be7 7. Bd3 dxc4 8.
Bxc4 h6 9. O-O Nbd7 10. Re1 O-O 11. Nh4 Nb6 12. Ng6 Nxc4 13. Nxe7+ Kh8 14. Nxc8
Rxc8 15. b3 Nb6 16. Be3 Nbd5 17. Nxd5 Nxd5 18. h3 Qd6 19. Qd2 Rce8 20. Rac1 Re4
21. Qd3 Rfe8 22. Bd2 Qg6 23. Qf3 Kg8 24. Be3 Nb4 25. Re2 f5 26. Rd2 Nd5 27.
Rdd1 Nxe3 28. fxe3 Rxe3 29. Qf1 Qe6 30. Qc4 Re2 31. a4 Qxc4 32. bxc4 Ra2 33. d5
Ree2 34. d6 Rxg2+ 35. Kh1 Rgd2 36. d7 Rh2+ 1/2-1/2

[Event "SV Bönen 1 - SC Gerthe - Werne 1"]
[Site "Verbandsliga - Gruppe 1 2021/"]
[Date "2021.10.24"]
[Round "1.8"]
[White "Volling, Andreas"]
[Black "Ulrich, Robin"]
[Result "1/2-1/2"]
[WhiteElo "1814"]
[BlackElo "1565"]
[PlyCount "59"]
[EventDate "2021.??.??"]
[WhiteTeam "SV Bönen 1"]
[BlackTeam "SC Gerthe - Werne 1"]

1. d4 Nf6 2. c4 c5 3. d5 d6 4. Nc3 Bf5 5. Nf3 e5 6. Nd2 Be7 7. g3 O-O 8. Bg2
Nbd7 9. O-O Nb6 10. b3 Qd7 11. Re1 Rfe8 12. Bb2 Rad8 13. e4 Bg6 14. Nf1 a6 15.
Ne3 Nc8 16. Qd3 h6 17. a4 Rf8 18. f3 Nh5 19. Ra2 Bg5 20. Ncd1 Ne7 21. Nf2 f5
22. exf5 Nxf5 23. Nxf5 Bxf5 24. Ne4 Bh7 25. Qf1 Be7 26. Bc3 Nf6 27. Bh3 Bf5 28.
Bxf5 Qxf5 29. Rf2 Nxe4 30. Rxe4 1/2-1/2

[Event "SV Kamen 2 - Dortmunder SV 1"]
[Site "Verbandsliga - Gruppe 1 2021/"]
[Date "2021.10.24"]
[Round "1.1"]
[White "Mallee, Ralph"]
[Black "Traunecker, Thomas"]
[Result "1/2-1/2"]
[WhiteElo "2073"]
[BlackElo "1888"]
[PlyCount "39"]
[EventDate "2021.??.??"]
[WhiteTeam "Dortmunder SV 1"]
[BlackTeam "SV Kamen 2"]

1. e4 c5 2. c3 d5 3. exd5 Qxd5 4. d4 Nf6 5. Nf3 Bg4 6. Be2 e6 7. O-O Nc6 8. h3
Bh5 9. Be3 cxd4 10. Nxd4 Bxe2 11. Qxe2 Be7 12. Nb5 Qe5 13. f4 Qb8 14. c4 O-O
15. N1c3 Rd8 16. Rad1 a6 17. Nd4 Qc7 18. Kh2 Na5 19. b3 b5 20. Rc1 1/2-1/2

[Event "SV Kamen 2 - Dortmunder SV 1"]
[Site "Verbandsliga - Gruppe 1 2021/"]
[Date "2021.10.24"]
[Round "1.2"]
[White "Georg, Felix"]
[Black "Brockmann, Fabian"]
[Result "1-0"]
[WhiteElo "1962"]
[BlackElo "1932"]
[PlyCount "61"]
[EventDate "2021.??.??"]
[WhiteTeam "SV Kamen 2"]
[BlackTeam "Dortmunder SV 1"]

1. d4 c5 2. d5 Nf6 3. Nc3 g6 4. e4 d6 5. Be2 Bg7 6. g4 h5 7. g5 Nfd7 8. Nf3 Na6
9. Nd2 Nc7 10. a4 Rb8 11. Nc4 Ne5 12. Ne3 b6 13. f4 Nd7 14. Bc4 a6 15. Qd3 O-O
16. O-O Re8 17. e5 Nf8 18. e6 fxe6 19. dxe6 Bxe6 20. Bxe6+ Ncxe6 21. Qd5 Kh8
22. f5 Nd4 23. Qf7 Nc6 24. f6 exf6 25. gxf6 Bh6 26. Ng4 hxg4 27. Bxh6 Qd7 28.
Qg7+ Qxg7 29. fxg7+ Kg8 30. Rxf8+ Rxf8 31. gxf8=Q+ 1-0

[Event "SV Kamen 2 - Dortmunder SV 1"]
[Site "Verbandsliga - Gruppe 1 2021/"]
[Date "2021.10.24"]
[Round "1.3"]
[White "Wolff, Torsten"]
[Black "Bals, Jochen"]
[Result "0-1"]
[WhiteElo "1863"]
[BlackElo "1917"]
[PlyCount "66"]
[EventDate "2021.??.??"]
[WhiteTeam "Dortmunder SV 1"]
[BlackTeam "SV Kamen 2"]

1. d4 Nf6 2. Nf3 e6 3. e3 c5 4. c3 Nc6 5. Bd3 d5 6. Nbd2 Bd6 7. O-O O-O 8. Re1
e5 9. dxe5 Nxe5 10. Nxe5 Bxe5 11. h3 Re8 12. Nf3 Bc7 13. Qc2 b6 14. Nh2 Qd6 15.
Nf1 Bb7 16. Bd2 Ne4 17. Rad1 h6 18. Bc1 Qe6 19. c4 Rad8 20. b3 Ng5 21. cxd5
Bxd5 22. e4 Bb7 23. f4 Nxe4 24. Bc4 Qc6 25. a4 Rxd1 26. Rxd1 Rd8 27. Bb5 Qf6
28. Rxd8+ Qxd8 29. Be3 Qf6 30. Bd3 Nc3 31. Bc1 Nd5 32. g3 Qd4+ 33. Kh2 Nb4 0-1

[Event "SV Kamen 2 - Dortmunder SV 1"]
[Site "Verbandsliga - Gruppe 1 2021/"]
[Date "2021.10.24"]
[Round "1.4"]
[White "Koch, Marcel"]
[Black "Kantor, Daniel"]
[Result "1-0"]
[WhiteElo "1903"]
[BlackElo "1868"]
[PlyCount "79"]
[EventDate "2021.??.??"]
[WhiteTeam "SV Kamen 2"]
[BlackTeam "Dortmunder SV 1"]

1. d4 c6 2. c4 d5 3. Nf3 Nf6 4. Bg5 e6 5. Nc3 Bd6 6. e3 Nbd7 7. a3 O-O 8. Bd3
Re8 9. O-O dxc4 10. Bxc4 Qc7 11. h3 Nd5 12. e4 N5b6 13. Ba2 e5 14. d5 h6 15.
Be3 Nf6 16. Rc1 Qe7 17. Qd3 Bd7 18. Rfd1 c5 19. Nd2 Nh5 20. Nb5 Nf4 21. Bxf4
exf4 22. Nxd6 Qxd6 23. Re1 Rac8 24. Rcd1 Qg6 25. Bb1 Re5 26. Nf3 Rh5 27. e5 Bf5
28. Nh4 Bxd3 29. Nxg6 Bxg6 30. Bxg6 fxg6 31. d6 Re8 32. e6 Rd5 33. d7 Rxd7 34.
exd7 Rxe1+ 35. Rxe1 Nxd7 36. Re7 Nb6 37. Rxb7 Nc4 38. b4 cxb4 39. axb4 a5 40.
Rc7 1-0

[Event "SV Kamen 2 - Dortmunder SV 1"]
[Site "Verbandsliga - Gruppe 1 2021/"]
[Date "2021.10.24"]
[Round "1.5"]
[White "Koehler, Eckart"]
[Black "Spaeh, Jan Lukas"]
[Result "1/2-1/2"]
[WhiteElo "1858"]
[BlackElo "1822"]
[PlyCount "60"]
[EventDate "2021.??.??"]
[WhiteTeam "Dortmunder SV 1"]
[BlackTeam "SV Kamen 2"]

1. d4 d5 2. Bf4 Nf6 3. e3 c5 4. c3 Nc6 5. Nd2 e6 6. Ngf3 cxd4 7. exd4 Nh5 8.
Be3 Bd6 9. Ne5 g6 10. Be2 Ng7 11. Ndf3 Nf5 12. Qd2 f6 13. Nxc6 bxc6 14. Bf4 Qc7
15. Bxd6 Nxd6 16. Bd3 O-O 17. O-O Nf7 18. Rfe1 e5 19. dxe5 fxe5 20. Ng5 Nd6 21.
c4 e4 22. Bf1 Rf5 23. cxd5 cxd5 24. Nh3 Bb7 25. Rac1 Qb6 26. Rc3 Raf8 27. Rb3
Qd8 28. Rc1 Qf6 29. Rb4 Rf7 30. Qe3 Qh4 1/2-1/2

[Event "SV Kamen 2 - Dortmunder SV 1"]
[Site "Verbandsliga - Gruppe 1 2021/"]
[Date "2021.10.24"]
[Round "1.6"]
[White "Markert, Dirk"]
[Black "Kumler, Steffen"]
[Result "1-0"]
[WhiteElo "1854"]
[BlackElo "1703"]
[Annotator "danie"]
[PlyCount "91"]
[EventDate "2021.??.??"]
[WhiteTeam "SV Kamen 2"]
[BlackTeam "Dortmunder SV 1"]

1. d4 d5 2. Bf4 Nf6 3. e3 Bf5 4. c4 c6 5. Nc3 e6 6. Nf3 Be7 7. Bd3 $11 Bxd3 8.
Qxd3 dxc4 9. Qxc4 Nbd7 10. O-O Nh5 11. Be5 Nxe5 12. dxe5 g6 13. Rfd1 Qc8 14.
Rac1 O-O 15. Ne4 Rd8 16. Nfg5 h6 17. Nf3 Qc7 18. g3 Rac8 19. Rd4 Rd5 20. Qe2
Ng7 21. Rxd5 exd5 22. Nc5 b6 23. Nd3 Qd7 24. e4 d4 25. Qd2 Kh7 26. Qf4 Bf8 27.
Qd2 c5 28. Nf4 Ne6 29. Nd5 Kg7 30. h4 Be7 31. h5 g5 32. Nh2 Nc7 33. Nxe7 Qxe7
34. f4 Re8 35. Ng4 Qd7 36. f5 Qc6 37. Qxd4 Nb5 38. Qd5 Qc7 39. Qd3 Nd4 40. Qxd4
Rd8 41. Qc3 Qb8 42. e6+ Rd4 43. Rd1 f6 44. Rxd4 cxd4 45. Qa3 Qc7 46. Kg2 1-0

[Event "SV Kamen 2 - Dortmunder SV 1"]
[Site "Verbandsliga - Gruppe 1 2021/"]
[Date "2021.10.24"]
[Round "1.7"]
[White "Schulenburg, Pit"]
[Black "Wiese, Thomas"]
[Result "1-0"]
[WhiteElo "2014"]
[BlackElo "1854"]
[PlyCount "101"]
[EventDate "2021.??.??"]
[WhiteTeam "Dortmunder SV 1"]
[BlackTeam "SV Kamen 2"]

1. d4 Nf6 2. c4 e6 3. Nf3 b6 4. g3 Bb7 5. Bg2 Bb4+ 6. Bd2 Be7 7. Nc3 O-O 8. O-O
Ne4 9. Nxe4 Bxe4 10. Be3 d6 11. Qd2 Nd7 12. Rfd1 a5 13. b3 Bf6 14. Rac1 Be7 15.
Bh3 Bg6 16. Ne1 Nf6 17. f3 Nd7 18. Nd3 Bxd3 19. exd3 Bf6 20. Qf2 Re8 21. f4 g6
22. Bg2 Rb8 23. Bc6 Re7 24. a3 Bg7 25. b4 axb4 26. axb4 e5 27. dxe5 dxe5 28. f5
Nf6 29. Bg5 Qd6 30. b5 h6 31. Bxf6 Bxf6 32. Be4 g5 33. Kg2 Rd7 34. Qf3 Be7 35.
Ra1 Qf6 36. Ra7 Bd6 37. Qg4 Kf8 38. h4 gxh4 39. gxh4 Ke7 40. Ra8 Rxa8 41. Bxa8
Rd8 42. Bd5 Qh8 43. f6+ Kf8 44. Rf1 Bc5 45. Kh3 Be3 46. Qh5 Qg8 47. Qxe5 Bc5
48. Qxc7 Re8 49. Qf4 Re3+ 50. Rf3 Rxf3+ 51. Bxf3 1-0

[Event "SV Kamen 2 - Dortmunder SV 1"]
[Site "Verbandsliga - Gruppe 1 2021/"]
[Date "2021.10.24"]
[Round "1.8"]
[White "Tubis, Reiner"]
[Black "Haneberg, Alexander"]
[Result "0-1"]
[WhiteElo "1626"]
[BlackElo "1704"]
[PlyCount "118"]
[EventDate "2021.??.??"]
[WhiteTeam "SV Kamen 2"]
[BlackTeam "Dortmunder SV 1"]

1. e4 c6 2. d4 d5 3. Nc3 dxe4 4. Nxe4 Bf5 5. Ng3 Bg6 6. Nf3 Nf6 7. Bc4 Nbd7 8.
c3 e6 9. Bf4 Nd5 10. Bxd5 cxd5 11. Qa4 a6 12. h4 h6 13. Ne5 b5 14. Qd1 Bh7 15.
Qg4 Nf6 16. Qe2 Qb6 17. O-O Be7 18. Nh5 Rg8 19. a4 g5 20. hxg5 hxg5 21. Nxf6+
Bxf6 22. Ng4 Be7 23. Be5 Rc8 24. axb5 Qxb5 25. Qxb5+ axb5 26. Ra7 Bf5 27. Ne3
Bd3 28. Rfa1 f6 29. Bg3 b4 30. cxb4 Bxb4 31. Rb7 Bd2 32. Ng4 Rf8 33. f3 Rf7 34.
Rxf7 Kxf7 35. Ra7+ Kg6 36. Rb7 Rc1+ 37. Kh2 Rb1 38. Rb6 Bf5 39. Bd6 Bc3 40. Ne3
Bxd4 41. Rb3 Rxb2 42. Rxb2 Bxb2 43. g3 Bb1 44. Kg2 d4 45. Nc4 Bc1 46. Kf2 e5
47. Bb4 g4 48. Nd2 Bxd2 49. Bxd2 Kf5 50. f4 Ke4 51. Ke2 d3+ 52. Kf2 Kd4 53.
Be3+ Kc3 54. Ke1 e4 55. Kd1 f5 56. Kc1 Bc2 57. Bd2+ Kd4 58. Ba5 e3 59. Bc3+ Ke4
0-1

[Event "SF Essen-Katernberg  3 - Bochumer SV 2"]
[Site "Verbandsliga - Gruppe 1 2021/"]
[Date "2021.10.24"]
[Round "1.1"]
[White "Kraemer, Matthias"]
[Black "Rosen, Willy"]
[Result "1/2-1/2"]
[WhiteElo "2199"]
[BlackElo "2114"]
[PlyCount "50"]
[EventDate "2021.??.??"]
[WhiteTeam "Bochumer SV 2"]
[BlackTeam "SF Essen-Katernberg  3"]

1. e4 c5 2. Nf3 Nc6 3. d4 cxd4 4. Nxd4 Qb6 5. Nb3 Nf6 6. Nc3 e6 7. Qe2 Bb4 8.
Bd2 d6 9. g4 h6 10. a3 Bxc3 11. Bxc3 e5 12. h3 Be6 13. O-O-O O-O-O 14. f4 Bxb3
15. cxb3 Qxb3 16. Bg2 Kb8 17. Rhf1 Rhe8 18. Kb1 exf4 19. Bxf6 gxf6 20. Rxf4 Ne5
21. Rf2 Rc8 22. Bf1 Nc4 23. Qd3 Nxa3+ 24. Ka1 Nc2+ 25. Kb1 Na3+ 1/2-1/2

[Event "SF Essen-Katernberg  3 - Bochumer SV 2"]
[Site "Verbandsliga - Gruppe 1 2021/"]
[Date "2021.10.24"]
[Round "1.2"]
[White "Stremmel, Ralf"]
[Black "Wolter, Detlev"]
[Result "1/2-1/2"]
[WhiteElo "2060"]
[BlackElo "2174"]
[PlyCount "77"]
[EventDate "2021.??.??"]
[WhiteTeam "SF Essen-Katernberg  3"]
[BlackTeam "Bochumer SV 2"]

1. Nf3 Nf6 2. b3 d6 3. d4 g6 4. Bb2 Bg7 5. Nbd2 O-O 6. e3 b6 7. Be2 Bb7 8. O-O
c5 9. c4 e6 10. Qc2 Nbd7 11. Rac1 Qc7 12. Rfd1 Rac8 13. Qb1 Rfe8 14. Qa1 e5 15.
d5 b5 16. cxb5 Bxd5 17. Nc4 Nb6 18. a4 Rcd8 19. a5 Nc8 20. b4 Bxc4 21. Rxc4 Nd7
22. Ng5 Ne7 23. Bf3 Qb8 24. Qa2 Bh6 25. h4 Bxg5 26. hxg5 cxb4 27. Rxb4 Nc5 28.
Qc4 Ne6 29. Qg4 d5 30. Qg3 d4 31. exd4 Nf5 32. Qxe5 Nexd4 33. Qf6 Rd6 34. Bxd4
Nxd4 35. Qf4 Nxf3+ 36. Qxf3 Qd8 37. Rdb1 Qxa5 38. Qf4 Rde6 39. g3 1/2-1/2

[Event "SF Essen-Katernberg  3 - Bochumer SV 2"]
[Site "Verbandsliga - Gruppe 1 2021/"]
[Date "2021.10.24"]
[Round "1.3"]
[White "Schaefers, Andreas"]
[Black "Geerlings, Gerd"]
[Result "1/2-1/2"]
[WhiteElo "1975"]
[BlackElo "2022"]
[PlyCount "38"]
[EventDate "2021.??.??"]
[WhiteTeam "Bochumer SV 2"]
[BlackTeam "SF Essen-Katernberg  3"]

1. d4 Nf6 2. c4 d6 3. Nc3 e5 4. d5 g6 5. e4 Bg7 6. Bd3 O-O 7. Nge2 Nbd7 8. O-O
Nc5 9. Bc2 a5 10. f3 Nh5 11. g4 Nf6 12. Ng3 Ne8 13. Be3 Bf6 14. Qd2 Ng7 15. b3
Bh4 16. Bh6 f6 17. Qg2 Bg5 18. Bxg5 fxg5 19. Qd2 Bd7 1/2-1/2

[Event "SF Essen-Katernberg  3 - Bochumer SV 2"]
[Site "Verbandsliga - Gruppe 1 2021/"]
[Date "2021.10.24"]
[Round "1.4"]
[White "Krueger, Erich"]
[Black "Hinkmann, Jens"]
[Result "1/2-1/2"]
[WhiteElo "2043"]
[BlackElo "1981"]
[PlyCount "66"]
[EventDate "2021.??.??"]
[WhiteTeam "SF Essen-Katernberg  3"]
[BlackTeam "Bochumer SV 2"]

1. d4 d5 2. c4 Nc6 3. Nf3 Bg4 4. cxd5 Bxf3 5. dxc6 Bxc6 6. Bf4 e6 7. Nc3 Bd6 8.
Qd2 f5 9. Bxd6 Qxd6 10. e3 a6 11. f4 Nf6 12. Bd3 O-O-O 13. O-O-O Rhg8 14. Rhg1
h6 15. h4 Kb8 16. Kb1 g6 17. Rc1 Rg7 18. Qc2 g5 19. hxg5 hxg5 20. Ne2 Nd5 21.
Qd2 gxf4 22. exf4 Nb4 23. Ka1 Rxg2 24. Rxg2 Bxg2 25. a3 Nc6 26. Qc2 Bf3 27.
Bxa6 bxa6 28. Qb3+ Ka7 29. Qxf3 Ne7 30. Nc3 c6 31. Rd1 Rb8 32. Qe3 Nd5 33. Nxd5
Qxd5 1/2-1/2

[Event "SF Essen-Katernberg  3 - Bochumer SV 2"]
[Site "Verbandsliga - Gruppe 1 2021/"]
[Date "2021.10.24"]
[Round "1.5"]
[White "Goralski, Christian"]
[Black "Berresheim, Nils"]
[Result "1-0"]
[WhiteElo "1920"]
[BlackElo "1760"]
[PlyCount "49"]
[EventDate "2021.??.??"]
[WhiteTeam "Bochumer SV 2"]
[BlackTeam "SF Essen-Katernberg  3"]

1. e4 c5 2. c3 Nf6 3. e5 Nd5 4. d4 cxd4 5. Nf3 d6 6. Bc4 dxe5 7. Nxe5 Be6 8.
Qxd4 Nc6 9. Nxc6 bxc6 10. O-O Qb6 11. Qe5 Nc7 12. Na3 Rc8 13. b4 Nd5 14. Be3
Qc7 15. Qd4 Rd8 16. Rad1 Nxe3 17. Qxe3 Bxc4 18. Rxd8+ Qxd8 19. Nxc4 Qd5 20. Qf4
e5 21. Re1 Be7 22. Qxe5 Qxe5 23. Nxe5 c5 24. bxc5 Bxc5 25. Ng6+ 1-0

[Event "SF Essen-Katernberg  3 - Bochumer SV 2"]
[Site "Verbandsliga - Gruppe 1 2021/"]
[Date "2021.10.24"]
[Round "1.6"]
[White "Humkamp, Berthold"]
[Black "Peters, Olaf"]
[Result "0-1"]
[WhiteElo "1737"]
[BlackElo "1914"]
[PlyCount "112"]
[EventDate "2021.??.??"]
[WhiteTeam "SF Essen-Katernberg  3"]
[BlackTeam "Bochumer SV 2"]

1. e3 Nf6 2. c4 e6 3. Nc3 d5 4. Nf3 Be7 5. b3 O-O 6. Bb2 c5 7. Rc1 Nc6 8. cxd5
exd5 9. Bd3 Bg4 10. Ne2 Bxf3 11. gxf3 d4 12. Bb1 Qd7 13. Ng3 Rad8 14. f4 Nb4
15. e4 Rfe8 16. a3 Na6 17. Bd3 Qg4 18. Qxg4 Nxg4 19. Bxa6 bxa6 20. h3 Nf6 21.
Rc4 Rb8 22. b4 cxb4 23. axb4 Rxb4 24. Rxb4 Bxb4 25. Bxd4 Nxe4 26. Nxe4 Rxe4+
27. Be3 f5 28. Ke2 a5 29. Kd3 Re7 30. Kc4 Kf7 31. d4 Ke6 32. Kb5 Rc7 33. Rd1
Kd5 34. h4 Rc6 35. h5 a6+ 36. Ka4 Rh6 37. Rg1 g6 38. hxg6 Rxg6 39. Rh1 h6 40.
Kb3 Rc6 41. Rh5 Ke4 42. Rh3 Rc3+ 43. Kb2 Rc6 44. Kb3 Kd5 45. Rh5 Rf6 46. Rh1
Rc6 47. Rh5 Ke4 48. Rh1 Rc3+ 49. Kb2 a4 50. Rxh6 a5 51. Rh1 a3+ 52. Ka1 Rc2 53.
Kb1 Kd3 54. Rd1+ Kc3 55. d5 Kb3 56. Rd3+ Bc3 0-1

[Event "SF Essen-Katernberg  3 - Bochumer SV 2"]
[Site "Verbandsliga - Gruppe 1 2021/"]
[Date "2021.10.24"]
[Round "1.7"]
[White "Bautz, Volker"]
[Black "Dette, Tim"]
[Result "1-0"]
[WhiteElo "1791"]
[BlackElo "1723"]
[PlyCount "43"]
[EventDate "2021.??.??"]
[WhiteTeam "Bochumer SV 2"]
[BlackTeam "SF Essen-Katernberg  3"]

1. d4 Nf6 2. Nc3 c5 3. d5 e5 4. e4 d6 5. Bb5+ Bd7 6. a4 a6 7. Be2 Be7 8. f4
exf4 9. Bxf4 Qb6 10. Qd2 Ng4 11. h3 Ne5 12. Nf3 f6 13. O-O O-O 14. Be3 Qc7 15.
a5 Be8 16. Nh4 Bg6 17. Nf5 Bf7 18. Na4 Nbc6 19. dxc6 bxc6 20. Nb6 Rad8 21. Qc3
Nd7 22. Nxe7+ 1-0

[Event "SF Essen-Katernberg  3 - Bochumer SV 2"]
[Site "Verbandsliga - Gruppe 1 2021/"]
[Date "2021.10.24"]
[Round "1.8"]
[White "Otterpohl, Isabel"]
[Black "Abdullayev, Elchin"]
[Result "0-1"]
[WhiteElo "1687"]
[BlackElo "1873"]
[PlyCount "78"]
[EventDate "2021.??.??"]
[WhiteTeam "SF Essen-Katernberg  3"]
[BlackTeam "Bochumer SV 2"]

1. e4 c5 2. c3 Nf6 3. e5 Nd5 4. Nf3 e6 5. d4 cxd4 6. cxd4 Nc6 7. Bc4 Nb6 8. Bb5
a6 9. Be2 h6 10. Nc3 d5 11. exd6 Bxd6 12. O-O Bc7 13. Re1 Nd5 14. Bc4 Nce7 15.
Qb3 O-O 16. Ne5 Nb6 17. Be3 Nxc4 18. Qxc4 b5 19. Qd3 Bxe5 20. Qe4 Bxh2+ 21.
Kxh2 Bd7 22. Rh1 Bc6 23. Qg4 Nf5 24. Kg1 Qf6 25. Ne2 Rfd8 26. Rd1 e5 27. Ng3
Nxe3 28. fxe3 exd4 29. exd4 Bd7 30. Qe2 Qg5 31. Qf2 Be6 32. b3 Rac8 33. Ne4 Qg6
34. Rh4 Bd5 35. Re1 Re8 36. Ng3 Rxe1+ 37. Qxe1 Rc2 38. Rh2 Rb2 39. Qc1 Rb1 0-1

[Event "SC Buer-Hassel 1 - Sport Union Annen 1"]
[Site "Verbandsliga - Gruppe 1 2021/"]
[Date "2021.10.24"]
[Round "1.1"]
[White "Mainka, Gregor"]
[Black "Hammerich, Simon"]
[Result "0-1"]
[WhiteElo "2121"]
[BlackElo "2075"]
[PlyCount "68"]
[EventDate "2021.??.??"]
[WhiteTeam "Sport Union Annen 1"]
[BlackTeam "SC Buer-Hassel 1"]

1. Nf3 d5 2. e3 Nf6 3. c4 e6 4. b3 Be7 5. Be2 O-O 6. O-O c5 7. Bb2 b6 8. d3 Bb7
9. a3 Nc6 10. Nbd2 Qc7 11. Rc1 Rac8 12. cxd5 Nxd5 13. Ne4 Qb8 14. Qc2 h6 15.
Rfd1 Rfd8 16. Bf1 Nc7 17. g4 Ne8 18. h4 f5 19. gxf5 exf5 20. Ng3 Nd4 21. Nxd4
cxd4 22. Qe2 Rxc1 23. Rxc1 Bd6 24. Qe1 f4 25. exf4 Bxf4 26. Qe6+ Kh8 27. Ne4
Bxe4 28. Qxe4 Bxc1 29. Bxc1 Nf6 30. Qf5 Qc8 31. Qf4 Qg4+ 32. Bg2 Qxf4 33. Bxf4
Rc8 34. Be5 Rc3 0-1

[Event "SC Buer-Hassel 1 - Sport Union Annen 1"]
[Site "Verbandsliga - Gruppe 1 2021/"]
[Date "2021.10.24"]
[Round "1.2"]
[White "Wolff, Christoph"]
[Black "Al Ali, Mohammad"]
[Result "1/2-1/2"]
[WhiteElo "1978"]
[BlackElo "1858"]
[PlyCount "95"]
[EventDate "2021.??.??"]
[WhiteTeam "SC Buer-Hassel 1"]
[BlackTeam "Sport Union Annen 1"]

1. e4 c5 2. Nf3 Nc6 3. d4 cxd4 4. Nxd4 e5 5. Nb5 d6 6. c4 Nf6 7. N1c3 a6 8. Na3
Be7 9. Be2 O-O 10. Nc2 Be6 11. O-O Rc8 12. Ne3 Nd4 13. Bd3 Nd7 14. Ne2 b5 15.
cxb5 axb5 16. Nxd4 exd4 17. Nf5 Bxf5 18. exf5 Qb6 19. Qe2 Bf6 20. Bf4 Rfe8 21.
Rac1 Ra8 22. Qc2 Nc5 23. Rfe1 Nxd3 24. Qxd3 Be5 25. Bg3 Bxg3 26. hxg3 Qa5 27.
Rxe8+ Rxe8 28. Qxd4 Qxa2 29. f6 Qe6 30. fxg7 Qh6 31. Rd1 Qxg7 32. Qxg7+ Kxg7
33. Kf1 Rc8 34. Rxd6 Rc2 35. b4 Rc4 36. Ke2 Rxb4 37. Rb6 Rb2+ 38. Ke3 h5 39.
Kf3 f6 40. Rb8 Kg6 41. Rh8 b4 42. Rb8 b3 43. Rb7 Kg5 44. Rb5+ f5 45. Rb8 Kf6
46. Rb6+ Ke5 47. Rb5+ Ke6 48. Ke3 1/2-1/2

[Event "SC Buer-Hassel 1 - Sport Union Annen 1"]
[Site "Verbandsliga - Gruppe 1 2021/"]
[Date "2021.10.24"]
[Round "1.3"]
[White "Dahlbeck, Mirko"]
[Black "Winzbeck, Frank"]
[Result "1-0"]
[WhiteElo "1879"]
[BlackElo "1870"]
[PlyCount "79"]
[EventDate "2021.??.??"]
[WhiteTeam "Sport Union Annen 1"]
[BlackTeam "SC Buer-Hassel 1"]

1. e4 c5 2. Nf3 d6 3. Bb5+ Bd7 4. Bxd7+ Qxd7 5. c4 Nc6 6. d4 cxd4 7. Nxd4 Nf6
8. Nc3 g6 9. f3 Bg7 10. Be3 O-O 11. O-O Ne5 12. b3 Rfd8 13. Qd2 Rac8 14. Rad1
b6 15. Bg5 Qb7 16. Nd5 Nxd5 17. cxd5 b5 18. h3 Re8 19. Kh1 Nd7 20. Nc6 Ne5 21.
Na5 Qa6 22. f4 Nd7 23. Nc6 Nf6 24. Rfe1 Kf8 25. Rc1 Nd7 26. e5 f6 27. e6 Nb8
28. Nb4 Qb7 29. Bh4 a5 30. Nc2 b4 31. f5 Rc5 32. Ne3 Rec8 33. fxg6 hxg6 34.
Rxc5 Rxc5 35. Qd3 f5 36. Nxf5 Rxd5 37. Nxd6 Rxd6 38. Qxg6 Kg8 39. Bf6 exf6 40.
e7 1-0